[Event "LYM - Maîtres vs Espoirs"]
[Site "Lausanne - Hôtel Alpha Palmier"]
[Date "2003.09.20"]
[Round "6"]
[White "Shytaj, Luca"]
[Black "Pinol, Fabrice"]
[Result "1/2-1/2"]
[WhiteElo "2335"]
[BlackElo "2210"]
[PlyCount "75"]
[EventDate "2003.??.??"]

1. e4 c5 2. Nf3 Nc6 3. Nc3 Nf6 4. Bb5 Qc7 5. O-O e5 6. Bc4 Be7 7. d3 h6 8. h3
O-O 9. Nh2 Nd4 10. f4 exf4 11. Bxf4 Bd6 12. Bxd6 Qxd6 13. Nd5 Nxd5 14. Bxd5 Qe7
15. Ng4 d6 16. c3 Bxg4 17. hxg4 Ne6 18. Rf2 Rac8 19. a4 Kh8 20. Qb3 Nd8 21.
Raf1 f6 22. g3 Nf7 23. Rf5 Rc7 24. Qd1 Ng5 25. Kg2 Kh7 26. Qd2 Re8 27. Qf4 Qd7
28. b3 Re5 29. Rh1 Qd8 30. Qd2 Re8 31. Rb1 Qd7 32. Bc4 Rb8 33. Qf4 Ne6 34. Qf2
Ng5 35. Rh1 Qe7 36. Re1 Re8 37. Bd5 Qd8 38. Rb1 1/2-1/2

[Event "LYM - Maîtres vs Espoirs"]
[Site "Lausanne - Hôtel Alpha Palmier"]
[Date "2003.09.20"]
[Round "6"]
[White "Pahud, Cédric"]
[Black "Landenbergue, Claude"]
[Result "1-0"]
[WhiteElo "2185"]
[BlackElo "2445"]
[PlyCount "129"]
[EventDate "2003.??.??"]

1. e4 c5 2. Nf3 Nf6 3. Nc3 Nc6 4. d4 d5 5. exd5 Nxd5 6. Nxd5 Qxd5 7. Be3 cxd4
8. Nxd4 Bd7 9. Nb5 Qxd1+ 10. Rxd1 Rc8 11. c3 a6 12. Na7 Nxa7 13. Bxa7 e5 14.
Be3 Bc5 15. Rd5 Bxe3 16. Rxe5+ Be6 17. Rxe3 O-O 18. a3 Rfd8 19. Rd3 Re8 20. Kd2
Kf8 21. Be2 Bc4 22. Re3 Rxe3 23. fxe3 Rd8+ 24. Ke1 Be6 25. Rf1 g5 26. Rf2 Ke7
27. Bf3 Rd7 28. Rd2 Rc7 29. Rd4 a5 30. Kd2 b6 31. Kd3 Rc5 32. c4 f6 33. Bd5 Bd7
34. Be4 h6 35. g3 Be6 36. Bd5 Bd7 37. Kc3 Rc7 38. Kd3 Rc5 39. b3 Rc7 40. Be4
Be6 41. Kc3 Rc5 42. Bd5 Bd7 43. Rd2 Rc7 44. Kd4 Kd6 45. Rf2 Ke7 46. Rf1 Be8 47.
Rh1 Kd6 48. Rf1 Ke7 49. Rf2 Bg6 50. e4 Rd7 51. Re2 Bh5 52. Re1 Bg4 53. Rf1 Bh3
54. Rf2 Be6 55. h4 gxh4 56. gxh4 Bg4 57. e5 f5 58. e6 Rc7 59. Ke5 Bh3 60. Rb2
Bf1 61. Kxf5 a4 62. Ke5 axb3 63. Kd4 Kd6 64. Rxb3 b5 65. Rxb5 1-0

[Event "LYM - Maîtres vs Espoirs"]
[Site "Lausanne - Hôtel Alpha Palmier"]
[Date "2003.09.20"]
[Round "6"]
[White "Olivier, Jean-Christophe"]
[Black "Gheorghiu, Florin"]
[Result "1-0"]
[WhiteElo "2425"]
[BlackElo "2430"]
[PlyCount "111"]
[EventDate "2003.??.??"]

1. e4 c5 2. Nf3 Nc6 3. d4 cxd4 4. Nxd4 e6 5. Nc3 Qc7 6. Be3 a6 7. Bd3 Nf6 8.
O-O Nxd4 9. Bxd4 Bc5 10. Bxc5 Qxc5 11. Re1 d6 12. Qd2 Bd7 13. Rad1 Bc6 14. Bf1
O-O-O 15. a3 d5 16. b4 Qb6 17. e5 Ne4 18. Nxe4 dxe4 19. Qg5 Rhg8 20. c4 Rd4 21.
Qe3 Rxd1 22. Rxd1 Qxe3 23. fxe3 f6 24. exf6 gxf6 25. Rd6 Re8 26. c5 Bd5 27. a4
Rd8 28. Rxd8+ Kxd8 29. Kf2 Ke7 30. g4 e5 31. a5 Bc6 32. Bc4 h6 33. Kg3 Kf8 34.
Kh4 Kg7 35. Be6 Kg6 36. Bf5+ Kg7 37. Kg3 Kf7 38. Kh3 Kf8 39. Kh4 Kg7 40. Kg3
Kf7 41. h3 Kf8 42. Be6 Ke7 43. Bc8 Kf7 44. Kh4 Kf8 45. Be6 Kg7 46. Bf5 Kf7 47.
Kh5 Kg7 48. Bg6 Bd5 49. Be8 Kh7 50. b5 axb5 51. Bxb5 Kg7 52. Bd7 Bf7+ 53. Kh4
Kf8 54. c6 bxc6 55. Bxc6 Bc4 56. Bb7 1-0

[Event "LYM - Maîtres vs Espoirs"]
[Site "Lausanne - Hôtel Alpha Palmier"]
[Date "2003.09.20"]
[Round "7"]
[White "Gheorghiu, Florin"]
[Black "Shytaj, Luca"]
[Result "1/2-1/2"]
[WhiteElo "2430"]
[BlackElo "2335"]
[PlyCount "44"]
[EventDate "2003.??.??"]

1. d4 Nf6 2. c4 e6 3. Nf3 b6 4. g3 Ba6 5. b3 Bb4+ 6. Bd2 Be7 7. Bg2 c6 8. Bc3
d5 9. Nbd2 Nbd7 10. O-O O-O 11. Re1 c5 12. e4 dxe4 13. Ng5 cxd4 14. Bxd4 Bb7
15. Ngxe4 Qc7 16. Nxf6+ Bxf6 17. Bxf6 Nxf6 18. Bxb7 Qxb7 19. Qf3 Qc7 20. Rad1
Rad8 21. Ne4 Nxe4 22. Qxe4 a5 1/2-1/2

[Event "LYM - Maîtres vs Espoirs"]
[Site "Lausanne - Hôtel Alpha Palmier"]
[Date "2003.09.20"]
[Round "7"]
[White "Raetsky, Alexander"]
[Black "Pahud, Cédric"]
[Result "1-0"]
[WhiteElo "2435"]
[BlackElo "2185"]
[PlyCount "67"]
[EventDate "2003.??.??"]

1. d4 Nf6 2. g3 g6 3. Bg2 Bg7 4. e4 d6 5. Nc3 O-O 6. Nge2 c6 7. a4 e5 8. h3
Nbd7 9. O-O Re8 10. Be3 Qc7 11. g4 Nf8 12. Qd2 Bd7 13. Rad1 Rad8 14. f4 exf4
15. Bxf4 Ne6 16. Bg3 h6 17. e5 Nh7 18. exd6 Qb6 19. Ne4 a5 20. b3 Neg5 21. Nc5
Nf6 22. Nc3 Ne6 23. Nxd7 Rxd7 24. Kh1 Qb4 25. Be5 Nh7 26. Ne4 Qxd2 27. Rxd2
Nhg5 28. Nf6+ Bxf6 29. Rxf6 c5 30. c3 cxd4 31. cxd4 Rc8 32. Bd5 Nd8 33. Rxg6+
Kf8 34. Rxh6 1-0

[Event "LYM - Maîtres vs Espoirs"]
[Site "Lausanne - Hôtel Alpha Palmier"]
[Date "2003.09.20"]
[Round "7"]
[White "Pinol, Fabrice"]
[Black "Gerber, Richard"]
[Result "1/2-1/2"]
[WhiteElo "2210"]
[BlackElo "2395"]
[PlyCount "113"]
[EventDate "2003.??.??"]

1. e4 c5 2. Nf3 d6 3. d4 cxd4 4. Nxd4 Nf6 5. Nc3 g6 6. Be3 Bg7 7. f3 Nc6 8. Qd2
O-O 9. Bc4 Bd7 10. O-O-O Qa5 11. h4 Rfc8 12. Bb3 Ne5 13. h5 Rxc3 14. Qxc3 Qxc3
15. bxc3 Nxh5 16. Bg5 Nf6 17. Ne2 Bc6 18. Nf4 h5 19. c4 Kf8 20. Nd5 Ned7 21.
Rhe1 Ng8 22. Kb1 Rc8 23. Be3 b6 24. Bd2 Bb7 25. a4 Ne5 26. a5 bxa5 27. Bxa5
Nxc4 28. Bxc4 Rxc4 29. Re3 Rc5 30. Bb4 Rb5 31. c4 Bxd5 32. cxb5 Bc4 33. Ra3
Bxb5 34. Rxa7 Be5 35. Kc2 f6 36. Bc3 Bf4 37. Rb1 Bc4 38. Bd4 h4 39. Kc3 Bf7 40.
Kd3 g5 41. Rbb7 Bg6 42. Rd7 Ke8 43. Bb6 f5 44. Rd8+ Kf7 45. Be3 fxe4+ 46. fxe4
Nf6 47. Bxf4 Bxe4+ 48. Ke3 gxf4+ 49. Kxf4 Bxg2 50. Rxd6 h3 51. Rd1 h2 52. Raa1
Ne4 53. Rh1 Bxh1 54. Rxh1 Nd6 55. Rxh2 Ke6 56. Rh6+ Kd5 57. Rh5+ 1/2-1/2

[Event "LYM - Maîtres vs Espoirs"]
[Site "Lausanne - Hôtel Alpha Palmier"]
[Date "2003.09.20"]
[Round "7"]
[White "Carron, Julien"]
[Black "Olivier, Jean-Christophe"]
[Result "1/2-1/2"]
[WhiteElo "2300"]
[BlackElo "2425"]
[PlyCount "101"]
[EventDate "2003.??.??"]

1. d4 Nf6 2. c4 e6 3. g3 d5 4. Nf3 Bb4+ 5. Bd2 Be7 6. Bg2 O-O 7. Qc2 Nbd7 8.
O-O c6 9. Bf4 b6 10. Nbd2 Bb7 11. e4 Rc8 12. e5 Ne8 13. Rfd1 Nc7 14. h4 h6 15.
b3 a5 16. Qb2 c5 17. dxc5 Bxc5 18. g4 f6 19. Bg3 fxe5 20. Nxe5 Qf6 21. Ndf3
Nxe5 22. Nxe5 Ba8 23. Qe2 Rcd8 24. Rac1 Bd6 25. Rd4 g5 26. hxg5 hxg5 27. Rc3
Qg7 28. Rc1 Bc5 29. Rdd1 Bd6 30. Bf3 Bc5 31. Kg2 Bd6 32. Rh1 Rxf3 33. Nxf3 d4
34. Bxd6 Rxd6 35. Kg3 Qf6 36. Rcg1 Qf4+ 37. Kg2 Rd7 38. Rh3 Rf7 39. Rgh1 Be4
40. Rg3 e5 41. Rhh3 Ne6 42. Kg1 Nc5 43. Nd2 Bb7 44. f3 e4 45. fxe4 Nxe4 46. Rf3
Qxg4+ 47. Rhg3 Qh5 48. Rh3 Qg4+ 49. Rhg3 Qh5 50. Rh3 Qg4+ 51. Rhg3 1/2-1/2

[Event "LYM - Maîtres vs Espoirs"]
[Site "Lausanne - Hôtel Alpha Palmier"]
[Date "2003.09.20"]
[Round "7"]
[White "Landenbergue, Claude"]
[Black "Hindermann, Felix"]
[Result "1-0"]
[WhiteElo "2445"]
[BlackElo "2185"]
[PlyCount "129"]
[EventDate "2003.??.??"]

1. d4 e6 2. Nf3 f5 3. g3 b6 4. Bg2 Bb7 5. O-O Nf6 6. c3 Be7 7. Bg5 Ne4 8. Bxe7
Qxe7 9. Nfd2 Nd6 10. Bxb7 Nxb7 11. e4 fxe4 12. Qh5+ Qf7 13. Qxf7+ Kxf7 14. Nxe4
Nc6 15. f4 Rhf8 16. Nbd2 Ne7 17. Nf3 Kg8 18. Rad1 Rad8 19. Rfe1 Nd5 20. c4 Nf6
21. Nc3 Nd6 22. b3 Rfe8 23. Rd2 Kf8 24. Ne5 Re7 25. Kg2 Ree8 26. Kf3 g6 27. Rc1
c6 28. Nd1 Nf5 29. Ne3 Ne7 30. h3 d6 31. N5g4 Kg7 32. Nxf6 Kxf6 33. g4 h6 34.
Re2 g5 35. Rce1 Ng6 36. Ng2 Re7 37. Kg3 c5 38. dxc5 dxc5 39. h4 Rd3+ 40. Re3
Rd4 41. fxg5+ hxg5 42. Rf1+ Kg7 43. hxg5 e5 44. Rfe1 Rd2 45. a4 Red7 46. Nh4
Nxh4 47. Kxh4 Rh2+ 48. Rh3 Rxh3+ 49. Kxh3 Rd3+ 50. Kh4 Rxb3 51. Rxe5 a5 52.
Re7+ Kg6 53. Re6+ Kf7 54. Rc6 Rb4 55. g6+ Kg7 56. Kg5 Rxc4 57. Rc7+ Kf8 58. g7+
Kg8 59. Kh6 Rxg4 60. Rc8+ Kf7 61. Rf8+ Ke6 62. g8=Q+ Rxg8 63. Rxg8 b5 64. axb5
Kd5 65. Rd8+ 1-0

[Event "LYM - Maîtres vs Espoirs"]
[Site "Lausanne - Hôtel Alpha Palmier"]
[Date "2003.09.21"]
[Round "8"]
[White "Gerber, Richard"]
[Black "Gheorghiu, Florin"]
[Result "0-1"]
[WhiteElo "2395"]
[BlackElo "2430"]
[PlyCount "80"]
[EventDate "2003.??.??"]

1. Nf3 c5 2. c4 g6 3. e4 Bg7 4. d4 Qa5+ 5. Nc3 Nc6 6. d5 Nd4 7. Bd2 Nxf3+ 8.
Qxf3 d6 9. Bd3 Nf6 10. O-O O-O 11. h3 Qd8 12. a3 a6 13. b4 Nd7 14. Qe2 a5 15.
bxa5 Qxa5 16. Qe1 Qd8 17. f4 e6 18. Ra2 b6 19. Qg3 Ba6 20. dxe6 fxe6 21. h4 Nf6
22. Qh3 Qe8 23. e5 dxe5 24. fxe5 Nd7 25. Rxf8+ Kxf8 26. h5 Nxe5 27. h6 Bh8 28.
Bg5 Qd7 29. Be4 Nf7 30. Bxa8 Nxg5 31. Qg3 Nf7 32. Qf3 Bxc4 33. Bc6 Bd4+ 34. Kh1
Qe7 35. Ra1 Qh4+ 36. Qh3 Qxh3+ 37. gxh3 Ne5 38. Rb1 Nxc6 39. Na4 b5 40. Nb2
Bd5+ 0-1

[Event "LYM - Maîtres vs Espoirs"]
[Site "Lausanne - Hôtel Alpha Palmier"]
[Date "2003.09.21"]
[Round "8"]
[White "Pahud, Cédric"]
[Black "Pinol, Fabrice"]
[Result "1-0"]
[WhiteElo "2185"]
[BlackElo "2210"]
[PlyCount "69"]
[EventDate "2003.??.??"]

1. e4 c5 2. Nf3 e6 3. c4 Nc6 4. Nc3 g5 5. d4 g4 6. d5 gxf3 7. dxc6 fxg2 8.
cxd7+ Bxd7 9. Bxg2 Qh4 10. Nb5 O-O-O 11. Nd6+ Bxd6 12. Qxd6 Bc6 13. Qxc5 f5 14.
Qe5 Qe7 15. O-O Nf6 16. Bg5 Rdf8 17. Bf4 Kd7 18. Rad1+ Ke8 19. exf5 Rhg8 20.
Bg3 exf5 21. Bxc6+ bxc6 22. Qxf5 Kf7 23. Rfe1 Qb7 24. h3 h6 25. Re6 Rg6 26. Kh2
c5 27. Rde1 Rfg8 28. h4 h5 29. Rd6 Kg7 30. Ree6 Rf8 31. Rxf6 Rgxf6 32. Rd7+
R8f7 33. Qg5+ Rg6 34. Be5+ Kf8 35. Rd8# 1-0

[Event "LYM - Maîtres vs Espoirs"]
[Site "Lausanne - Hôtel Alpha Palmier"]
[Date "2003.09.21"]
[Round "8"]
[White "Shytaj, Luca"]
[Black "Carron, Julien"]
[Result "1-0"]
[WhiteElo "2335"]
[BlackElo "2300"]
[PlyCount "95"]
[EventDate "2003.??.??"]

1. e4 c5 2. Nf3 Nc6 3. Nc3 e5 4. Bc4 Be7 5. d3 d6 6. h3 Nf6 7. Bg5 Be6 8. Bxf6
Bxf6 9. Nd5 O-O 10. O-O g6 11. Nxf6+ Qxf6 12. Nh2 h5 13. Qd2 Rab8 14. a4 Ne7
15. Rae1 a6 16. Re3 d5 17. exd5 Bxd5 18. Qc3 Qc6 19. Rxe5 Bxg2 20. Rxe7 Bxh3
21. Re4 Bxf1 22. Nxf1 Rbe8 23. Ng3 b5 24. Ba2 b4 25. Rxb4 Qf3 26. Re4 Qd1+ 27.
Kg2 Rxe4 28. Nxe4 Qg4+ 29. Kf1 Qd1+ 30. Qe1 Qxc2 31. Qe2 Qxa4 32. Bc4 Qa1+ 33.
Kg2 Rb8 34. Qf3 Qxb2 35. Qxf7+ Kh8 36. Qxg6 Qg7 37. Qxg7+ Kxg7 38. Bxa6 Rb6 39.
Bc4 Rc6 40. f4 Kg6 41. Kf3 Kf5 42. Ng3+ Kg6 43. f5+ Kg5 44. Be6 Ra6 45. Ne4+
Kh4 46. f6 Rxe6 47. f7 Re5 48. f8=Q 1-0

[Event "LYM - Maîtres vs Espoirs"]
[Site "Lausanne - Hôtel Alpha Palmier"]
[Date "2003.09.21"]
[Round "8"]
[White "Hindermann, Felix"]
[Black "Olivier, Jean-Christophe"]
[Result "1-0"]
[WhiteElo "2185"]
[BlackElo "2425"]
[PlyCount "57"]
[EventDate "2003.??.??"]

1. e4 c5 2. c3 d5 3. exd5 Qxd5 4. d4 Nf6 5. Nf3 e6 6. Na3 Nc6 7. Be3 cxd4 8.
Nb5 Qd8 9. Nbxd4 Nxd4 10. Bxd4 Be7 11. Qb3 O-O 12. Rd1 Qc7 13. Bd3 b6 14. O-O
Bb7 15. Ne5 Bc5 16. Bxc5 Qxc5 17. Rfe1 Rad8 18. Qa4 a6 19. Qh4 h6 20. c4 Rd6
21. Re3 Rfd8 22. Rde1 Rd4 23. Qh3 Be4 24. Bxe4 Nxe4 25. Qh5 g6 26. b4 gxh5 27.
bxc5 Nxc5 28. Nc6 Nd3 29. Rd1 1-0

[Event "LYM - Maîtres vs Espoirs"]
[Site "Lausanne - Hôtel Alpha Palmier"]
[Date "2003.09.21"]
[Round "8"]
[White "Landenbergue, Claude"]
[Black "Raetsky, Alexander"]
[Result "1/2-1/2"]
[WhiteElo "2445"]
[BlackElo "2435"]
[PlyCount "23"]
[EventDate "2003.??.??"]

1. e4 c5 2. c3 d6 3. d4 Nf6 4. Bd3 cxd4 5. cxd4 g6 6. Nc3 Bg7 7. h3 O-O 8. Nf3
e5 9. dxe5 dxe5 10. O-O Nc6 11. Be3 Re8 12. Bc4 1/2-1/2

[Event "LYM - Maîtres vs Espoirs"]
[Site "Lausanne - Hôtel Alpha Palmier"]
[Date "2003.09.22"]
[Round "9"]
[White "Carron, Julien"]
[Black "Gerber, Richard"]
[Result "1-0"]
[WhiteElo "2300"]
[BlackElo "2395"]
[PlyCount "59"]
[EventDate "2003.??.??"]

1. d4 Nf6 2. c4 c5 3. d5 e5 4. Nc3 d6 5. e4 g6 6. g3 Bg7 7. Bg2 O-O 8. Nge2 Nh5
9. O-O f5 10. exf5 gxf5 11. f4 Nd7 12. Nb5 exf4 13. Nxd6 fxg3 14. hxg3 Nxg3 15.
Nxg3 Bd4+ 16. Kh2 Qh4+ 17. Bh3 Be5 18. Qe1 Nf6 19. Nxc8 Raxc8 20. Kg2 Rce8 21.
Rxf5 Bxb2 22. Bxb2 Rxe1 23. Rxe1 Qxc4 24. Bxf6 h6 25. Re4 Qxa2+ 26. Rf2 Qxf2+
27. Kxf2 Rxf6+ 28. Ke3 b5 29. Re7 a5 30. Ne4 1-0

[Event "LYM - Maîtres vs Espoirs"]
[Site "Lausanne - Hôtel Alpha Palmier"]
[Date "2003.09.22"]
[Round "9"]
[White "Olivier, Jean-Christophe"]
[Black "Shytaj, Luca"]
[Result "1/2-1/2"]
[WhiteElo "2425"]
[BlackElo "2335"]
[PlyCount "83"]
[EventDate "2003.??.??"]

1. e4 c5 2. Nc3 d6 3. g3 Nc6 4. Bg2 g6 5. d3 Bg7 6. Be3 e6 7. Qc1 h5 8. Nce2 h4
9. g4 Qf6 10. Rb1 e5 11. h3 Qd8 12. c3 f5 13. gxf5 gxf5 14. f4 Nf6 15. Nf3 fxe4
16. dxe4 Nxe4 17. fxe5 Bf5 18. O-O Qd7 19. Ng5 Nxg5 20. Bxg5 Nxe5 21. Nf4 O-O
22. Ra1 Nd3 23. Bd5+ Kh8 24. Qd2 Ne5 25. Qf2 Ng6 26. Be6 Bxe6 27. Nxg6+ Kg8 28.
Nxf8 Rxf8 29. Qxh4 Bxh3 30. Rxf8+ Kxf8 31. Re1 Be6 32. a3 Kg8 33. Re2 Bd5 34.
Bf4 Qf5 35. Qd8+ Kf7 36. Qe7+ Kg6 37. Qxd6+ Bf6 38. Bg3 Qf3 39. Rd2 Qh1+ 40.
Kf2 Qg2+ 41. Ke1 Qh1+ 42. Kf2 1/2-1/2

[Event "LYM - Maîtres vs Espoirs"]
[Site "Lausanne - Hôtel Alpha Palmier"]
[Date "2003.09.22"]
[Round "9"]
[White "Gheorghiu, Florin"]
[Black "Pahud, Cédric"]
[Result "1/2-1/2"]
[WhiteElo "2430"]
[BlackElo "2185"]
[PlyCount "22"]
[EventDate "2003.??.??"]

1. d4 Nf6 2. c4 g6 3. Nc3 Bg7 4. e4 d6 5. Be2 O-O 6. Nf3 e5 7. Be3 h6 8. dxe5
Ng4 9. exd6 Nxe3 10. fxe3 cxd6 11. Qd2 Nc6 1/2-1/2

[Event "LYM - Maîtres vs Espoirs"]
[Site "Lausanne - Hôtel Alpha Palmier"]
[Date "2003.09.22"]
[Round "9"]
[White "Pinol, Fabrice"]
[Black "Landenbergue, Claude"]
[Result "1/2-1/2"]
[WhiteElo "2210"]
[BlackElo "2445"]
[PlyCount "54"]
[EventDate "2003.??.??"]

1. e4 c5 2. Nf3 d6 3. d4 cxd4 4. Nxd4 Nf6 5. Nc3 a6 6. f3 e5 7. Nb3 Be7 8. Be3
Be6 9. Qd2 O-O 10. O-O-O Qc7 11. Kb1 b5 12. g4 Nbd7 13. g5 Nh5 14. Nd5 Bxd5 15.
exd5 Nb6 16. Rc1 Rab8 17. c4 Nxc4 18. Bxc4 bxc4 19. Na5 Qd7 20. Nc6 Rbe8 21.
Rhf1 f6 22. gxf6 Bxf6 23. Rxc4 Qh3 24. Qf2 e4 25. Rxe4 Qf5 26. Qc2 Qxd5 27. Rd1
Qf5 1/2-1/2

[Event "LYM - Maîtres vs Espoirs"]
[Site "Lausanne - Hôtel Alpha Palmier"]
[Date "2003.09.22"]
[Round "9"]
[White "Raetsky, Alexander"]
[Black "Hindermann, Felix"]
[Result "1/2-1/2"]
[WhiteElo "2435"]
[BlackElo "2185"]
[PlyCount "41"]
[EventDate "2003.??.??"]

1. d4 Nf6 2. c4 g6 3. Nc3 d5 4. Nf3 Bg7 5. Bf4 O-O 6. e3 c5 7. dxc5 Ne4 8. Be5
Bxe5 9. Nxe5 Nxc3 10. bxc3 Qa5 11. Qb3 Qc7 12. Nf3 dxc4 13. Bxc4 Qxc5 14. O-O-O
Nd7 15. Rd4 Nb6 16. Rhd1 Nxc4 17. Rxc4 Qa5 18. Ra4 Qc7 19. Rc4 Qa5 20. Ra4 Qc7
21. Rc4 1/2-1/2